[Event "43. Olimpiada Batumi 2018 Femenina"]
[Site "Batumi GEO"]
[Date "2018.10.03"]
[Round "9.2"]
[White "Alinasab, Mobina"]
[Black "Mkrtchian, Lilit"]
[Result "1/2-1/2"]
[WhiteElo "2261"]
[BlackElo "2384"]
[PlyCount "61"]
[EventDate "2018.09.24"]
[EventType "team-swiss"]
[EventRounds "11"]
[EventCountry "GEO"]
[SourceTitle "Ajedrez en Madrid"]
[Source "lmi"]
[SourceDate "2018.09.24"]
[WhiteTeam "Iran"]
[BlackTeam "Armenia"]
[WhiteTeamCountry "IRI"]
[BlackTeamCountry "ARM"]

1. e4 c6 2. d4 d5 3. e5 Bf5 4. h4 h5 5. Bd3 Bxd3 6. Qxd3 e6 7. Bg5 Be7 8. Bxe7
Nxe7 9. Nd2 Nf5 10. Ngf3 Na6 11. a3 c5 12. dxc5 Qa5 13. c6 bxc6 14. b4 Qb5 15.
c4 dxc4 16. Qxc4 Qxc4 17. Nxc4 Rb8 18. O-O c5 19. Rfb1 cxb4 20. axb4 Rxb4 21.
Rxb4 Nxb4 22. Rxa7 O-O 23. Rb7 Nc6 24. Rc7 Ncd4 25. Nxd4 Nxd4 26. Nd6 Nf5 27.
Nxf5 exf5 28. g3 Ra8 29. Kg2 Kf8 30. Rb7 Ra5 31. f4 1/2-1/2

[Event "43. Olimpiada Batumi 2018 Femenina"]
[Site "Batumi GEO"]
[Date "2018.10.03"]
[Round "9.3"]
[White "Sargsyan, Anna M"]
[Black "Asadi, Motahare"]
[Result "1-0"]
[WhiteElo "2331"]
[BlackElo "2135"]
[PlyCount "73"]
[EventDate "2018.09.24"]
[EventType "team-swiss"]
[EventRounds "11"]
[EventCountry "GEO"]
[SourceTitle "Ajedrez en Madrid"]
[Source "lmi"]
[SourceDate "2018.09.24"]
[WhiteTeam "Armenia"]
[BlackTeam "Iran"]
[WhiteTeamCountry "ARM"]
[BlackTeamCountry "IRI"]

1. d4 d5 2. c4 e6 3. Nf3 Nf6 4. Nc3 a6 5. Bg5 c6 6. e3 Be7 7. Qc2 O-O 8. c5
Nbd7 9. Bd3 h6 10. Bf4 Re8 11. h3 b6 12. b4 bxc5 13. bxc5 a5 14. O-O Ba6 15.
Bxa6 Rxa6 16. Rab1 Qa8 17. Na4 Bd8 18. Rb2 Ra7 19. Ne5 Nxe5 20. Bxe5 Nd7 21.
Nb6 Qb7 22. Nxd7 Qxd7 23. Bb8 Rb7 24. Rfb1 Rxb2 25. Qxb2 f6 26. a4 Qc8 27. Bd6
Kf7 28. Qb7+ Qxb7 29. Rxb7+ Kg6 30. f4 Rg8 31. Rb8 Kf7 32. Rc8 Ke8 33. Rxc6 Kd7
34. Ra6 g5 35. fxg5 hxg5 36. Bg3 Re8 37. c6+ 1-0

[Event "43. Olimpiada Batumi 2018 Femenina"]
[Site "Batumi GEO"]
[Date "2018.10.03"]
[Round "9.4"]
[White "Zahedifar, Anahita"]
[Black "Ghukasyan, Siranush"]
[Result "1/2-1/2"]
[WhiteElo "2101"]
[BlackElo "2205"]
[PlyCount "139"]
[EventDate "2018.09.24"]
[EventType "team-swiss"]
[EventRounds "11"]
[EventCountry "GEO"]
[SourceTitle "Ajedrez en Madrid"]
[Source "lmi"]
[SourceDate "2018.09.24"]
[WhiteTeam "Iran"]
[BlackTeam "Armenia"]
[WhiteTeamCountry "IRI"]
[BlackTeamCountry "ARM"]

1. d4 d5 2. c4 c6 3. cxd5 cxd5 4. Nc3 Nf6 5. Nf3 Nc6 6. Bf4 Bf5 7. e3 e6 8. Qb3
Bb4 9. Ne5 O-O 10. Nxc6 Bxc3+ 11. bxc3 bxc6 12. Qa3 Qb6 13. f3 Nd7 14. Bd6 Rfe8
15. Be2 e5 16. O-O Re6 17. e4 exd4 18. Rab1 Qd8 19. cxd4 Nb6 20. e5 Bxb1 21.
Rxb1 f6 22. f4 fxe5 23. fxe5 Qh4 24. Qc3 Rae8 25. Rf1 Na4 26. Qd3 Rh6 27. h3
Qd8 28. Qf5 Nc3 29. Bh5 Rxh5 30. Qf7+ Kh8 31. Qxh5 Ne4 32. Bc7 Qe7 33. Bd6 Qd8
34. Bc7 Qe7 35. Rf7 Qe6 36. Qf5 Qxf5 37. Rxf5 Kg8 38. Rf3 Re7 39. Bd8 Re8 40.
Ba5 c5 41. dxc5 Nxc5 42. Bb4 Ne4 43. e6 Ng5 44. Rf5 Nxe6 45. Rxd5 Rb8 46. a3
Rb7 47. Re5 Kf7 48. Rf5+ Ke8 49. Re5 Kd7 50. Rd5+ Ke8 51. Re5 Kd7 52. Kf2 Rc7
53. Ke3 Rc6 54. Rh5 Rc2 55. Rd5+ Kc7 56. Rd6 Nd8 57. Rd2 Rxd2 58. Bxd2 Kd6 59.
Ke4 Nc6 60. Bc3 g6 61. Kf4 Ke6 62. Kg5 Kf7 63. Kh6 Kg8 64. Kg5 Kf7 65. Kf4 Ke6
66. Ke4 Kd6 67. Kf4 Ke6 68. Kg5 Kf7 69. Kh6 Kg8 70. Kg5 1/2-1/2

[Event "43. Olimpiada Batumi 2018 Femenina"]
[Site "Batumi GEO"]
[Date "2018.10.03"]
[Round "9.2"]
[White "Peptan, Corina-Isabela"]
[Black "Gunina, Valentina"]
[Result "1/2-1/2"]
[WhiteElo "2374"]
[BlackElo "2528"]
[PlyCount "183"]
[EventDate "2018.09.24"]
[EventType "team-swiss"]
[EventRounds "11"]
[EventCountry "GEO"]
[SourceTitle "Ajedrez en Madrid"]
[Source "lmi"]
[SourceDate "2018.09.24"]
[WhiteTeam "Romania"]
[BlackTeam "Russia"]
[WhiteTeamCountry "ROU"]
[BlackTeamCountry "RUS"]

1. d4 Nf6 2. c4 e6 3. Nf3 b6 4. g3 Bb7 5. Bg2 Be7 6. O-O O-O 7. Nc3 Ne4 8. Qc2
f5 9. Ne1 d5 10. cxd5 exd5 11. Qb3 Kh8 12. Nd3 Bf6 13. Nf4 Nc6 14. Be3 Na5 15.
Qc2 Qd7 16. Rac1 Nxc3 17. Qxc3 c5 18. Nh5 c4 19. Nxf6 Rxf6 20. Bf4 Re6 21. Qd2
Rae8 22. Rfe1 Qa4 23. Rc3 Qd7 24. Bh3 R6e7 25. Bg5 Rf7 26. Re3 Nc6 27. Rxe8+
Qxe8 28. Bg2 Qe6 29. f3 h6 30. Bf4 Qf6 31. Be3 b5 32. Bf2 b4 33. e4 fxe4 34.
fxe4 c3 35. bxc3 bxc3 36. Qe3 dxe4 37. Bxe4 Nb4 38. Bxb7 Nc2 39. Qe8+ Rf8 40.
Re2 Nxd4 41. Qxf8+ Qxf8 42. Bxd4 Qd8 43. Be3 Qd3 44. Kf2 Kg8 45. Bf3 c2 46. Re1
Qc4 47. a3 Qb3 48. Bc1 Qb6+ 49. Kg2 Qd4 50. h4 Kf8 51. Be4 Qd1 52. Kf2 Qd4+ 53.
Re3 g5 54. hxg5 hxg5 55. Kf1 Qa1 56. Re1 Qc3 57. Re2 Qxg3 58. Bxc2 Qh3+ 59. Ke1
Qh4+ 60. Rf2+ Ke7 61. Be3 Qg3 62. Ke2 Qg4+ 63. Kd2 Qg3 64. Bd3 Qe5 65. Rf5 Qb2+
66. Bc2 g4 67. Rg5 Kf6 68. Rxg4 Qxa3 69. Ra4 Qd6+ 70. Bd4+ Ke6 71. Bd3 Qf4+ 72.
Kc2 Kd5 73. Kc3 Qc1+ 74. Bc2 Qe1+ 75. Kb2 Qe2 76. Bc3 a6 77. Kb3 Kc5 78. Ra5+
Kb6 79. Re5 Qf3 80. Rf5 Qg3 81. Be4 a5 82. Rf6+ Kb5 83. Rf5+ Kb6 84. Bf3 Qg8+
85. Bd5 Qg1 86. Be4 Qg8+ 87. Kb2 a4 88. Bc2 Qc4 89. Rf6+ Kb7 90. Rf3 Qb5+ 91.
Kc1 Qg5+ 92. Bd2 1/2-1/2

[Event "43. Olimpiada Batumi 2018 Femenina"]
[Site "Batumi GEO"]
[Date "2018.10.03"]
[Round "9.3"]
[White "Pogonina, Natalija"]
[Black "Cosma, Elena-Luminita"]
[Result "1/2-1/2"]
[WhiteElo "2469"]
[BlackElo "2328"]
[PlyCount "167"]
[EventDate "2018.09.24"]
[EventType "team-swiss"]
[EventRounds "11"]
[EventCountry "GEO"]
[SourceTitle "Ajedrez en Madrid"]
[Source "lmi"]
[SourceDate "2018.09.24"]
[WhiteTeam "Russia"]
[BlackTeam "Romania"]
[WhiteTeamCountry "RUS"]
[BlackTeamCountry "ROU"]

1. d4 d5 2. c4 e6 3. Nf3 Nf6 4. g3 dxc4 5. Bg2 c5 6. O-O Nc6 7. dxc5 Qxd1 8.
Rxd1 Bxc5 9. Nfd2 Na5 10. Na3 Bxa3 11. bxa3 Bd7 12. Bb2 Rc8 13. Bc3 b6 14. Rdc1
O-O 15. Bxa5 bxa5 16. Nxc4 Bb5 17. Nxa5 Bxe2 18. Nc6 Rc7 19. Nd4 Rxc1+ 20. Rxc1
Bd3 21. Nc6 a6 22. a4 Nd5 23. Ne5 Bg6 24. Bf1 a5 25. Rc5 Bb1 26. a3 Ra8 27. Bg2
Kf8 28. Nd7+ Ke7 29. Bxd5 exd5 30. Nb6 Rb8 31. Nxd5+ Kd6 32. Rxa5 Rb3 33. Ne3
Bd3 34. Nf5+ Kc7 35. Ra7+ Kb6 36. Rxf7 Be4 37. f4 Rxa3 38. Nd6 Bd3 39. Rxg7 Kc6
40. Ne8 Rxa4 41. Nf6 Ra2 42. Nxh7 Be4 43. Re7 Ra1+ 44. Kf2 Ra2+ 45. Ke3 Bf5 46.
Rf7 Be6 47. Rf6 Kd5 48. f5 Bg8 49. Ng5 Ke5 50. Rf8 Ra3+ 51. Kf2 Bd5 52. f6 Ra2+
53. Ke3 Ra3+ 54. Kd2 Ra2+ 55. Kc3 Rxh2 56. f7 Kf6 57. Kd4 Bxf7 58. Nxf7 Kg7 59.
Rh8 Rg2 60. Rh3 Kxf7 61. Ke4 Kg6 62. Kf3 Ra2 63. Rh8 Ra3+ 64. Kg4 Ra4+ 65. Kh3
Rb4 66. Rc8 Ra4 67. g4 Rb4 68. Rc6+ Kg5 69. Rc5+ Kg6 70. Kh4 Rb6 71. Rc4 Ra6
72. Kg3 Kg5 73. Rc5+ Kg6 74. Kh4 Rb6 75. Rg5+ Kh7 76. Rh5+ Kg6 77. Rh8 Rb5 78.
Rg8+ Kh7 79. Rc8 Kg6 80. Rc6+ Kg7 81. g5 Rb1 82. Kh5 Rh1+ 83. Kg4 Rg1+ 84. Kf5
1/2-1/2

[Event "43. Olimpiada Batumi 2018 Femenina"]
[Site "Batumi GEO"]
[Date "2018.10.03"]
[Round "9.4"]
[White "Lehaci, Miruna-Daria"]
[Black "Girya, Olga"]
[Result "0-1"]
[WhiteElo "1933"]
[BlackElo "2462"]
[PlyCount "118"]
[EventDate "2018.09.24"]
[EventType "team-swiss"]
[EventRounds "11"]
[EventCountry "GEO"]
[SourceTitle "Ajedrez en Madrid"]
[Source "lmi"]
[SourceDate "2018.09.24"]
[WhiteTeam "Romania"]
[BlackTeam "Russia"]
[WhiteTeamCountry "ROU"]
[BlackTeamCountry "RUS"]

1. e4 c6 2. d4 d5 3. e5 Bf5 4. Nf3 e6 5. Be2 Ne7 6. O-O c5 7. Na3 Nec6 8. c4
dxc4 9. dxc5 Bxc5 10. Qxd8+ Nxd8 11. Nxc4 O-O 12. Rd1 Nbc6 13. Nd6 Bg4 14. Bf4
Nb4 15. h3 Bh5 16. Bg5 Nbc6 17. Rac1 Bxd6 18. exd6 f6 19. Be3 e5 20. d7 e4 21.
Bc4+ Bf7 22. Nd4 Bxc4 23. Rxc4 f5 24. Nxc6 bxc6 25. g3 h6 26. a4 Rf6 27. g4 f4
28. Bc5 Re6 29. Re1 Kf7 30. f3 Nb7 31. Ba3 Rd8 32. Rcxe4 Rxe4 33. Rxe4 Rxd7 34.
Rxf4+ Ke6 35. Re4+ Kd5 36. Re1 c5 37. Rd1+ Kc6 38. Rxd7 Kxd7 39. Kf2 Kc6 40. f4
Na5 41. b4 Nc4 42. b5+ Kb6 43. Bc1 Ka5 44. f5 Kxa4 45. f6 gxf6 46. Bxh6 Kxb5
47. h4 Ne5 48. Kg3 c4 49. Bg7 c3 50. Bxf6 c2 51. Bg5 a5 52. h5 a4 53. Bc1 Kb4
54. g5 a3 55. g6 a2 56. g7 a1=Q 57. g8=Q Qxc1 58. Qb8+ Kc4 59. Qxe5 Qg1+ 0-1

[Event "43. Olimpiada Batumi 2018 Femenina"]
[Site "Batumi GEO"]
[Date "2018.10.03"]
[Round "9.1"]
[White "Munguntuul, Batkhuyag"]
[Black "Dzagnidze, Nana"]
[Result "0-1"]
[WhiteElo "2422"]
[BlackElo "2509"]
[PlyCount "110"]
[EventDate "2018.09.24"]
[EventType "team-swiss"]
[EventRounds "11"]
[EventCountry "GEO"]
[SourceTitle "Ajedrez en Madrid"]
[Source "lmi"]
[SourceDate "2018.09.24"]
[WhiteTeam "Mongolia"]
[BlackTeam "Georgia 1"]
[WhiteTeamCountry "MGL"]

1. e4 c6 2. d4 d5 3. e5 Bf5 4. h4 h5 5. Bd3 Bxd3 6. Qxd3 Qa5+ 7. Bd2 Qa6 8.
Qxa6 Nxa6 9. Nf3 e6 10. O-O Ne7 11. Nc3 Nf5 12. Ne2 Be7 13. g3 b5 14. c3 c5 15.
dxc5 Nxc5 16. Nfd4 Nxd4 17. cxd4 Nd3 18. Rab1 Rc8 19. Rfd1 Rc2 20. Bc3 Nxe5 21.
dxe5 Rxe2 22. Bd4 Kd7 23. Rbc1 Rc8 24. Rxc8 Kxc8 25. Rc1+ Kb7 26. Kf1 Re4 27.
Rd1 Rg4 28. Rd3 f5 29. f4 a5 30. Kf2 Rg6 31. Rc3 Rh6 32. Bc5 Bd8 33. Be3 Be7
34. Bc5 b4 35. Rc1 Bd8 36. Be3 Rh8 37. Rc5 Bc7 38. Ke2 Ra8 39. Kd3 Ra6 40. Bd4
Rc6 41. Rb5+ Ka6 42. Rc5 Rxc5 43. Bxc5 Bb6 44. Bf8 Bf2 45. Be7 Bxg3 46. Bg5 Kb5
47. b3 Bf2 48. Ke2 Bb6 49. Be7 Kc6 50. Kf3 Kd7 51. Bf8 Bd8 52. Kg3 Be7 53. Bxg7
d4 54. Bh6 Bxh4+ 55. Kf3 Be7 0-1

[Event "43. Olimpiada Batumi 2018 Femenina"]
[Site "Batumi GEO"]
[Date "2018.10.03"]
[Round "9.2"]
[White "Javakhishvili, Lela"]
[Black "Nomin-Erdene, Davaademberel"]
[Result "1/2-1/2"]
[WhiteElo "2475"]
[BlackElo "2377"]
[PlyCount "146"]
[EventDate "2018.09.24"]
[EventType "team-swiss"]
[EventRounds "11"]
[EventCountry "GEO"]
[SourceTitle "Ajedrez en Madrid"]
[Source "lmi"]
[SourceDate "2018.09.24"]
[WhiteTeam "Georgia 1"]
[BlackTeam "Mongolia"]
[BlackTeamCountry "MGL"]

1. d4 d5 2. c4 c6 3. Nf3 Nf6 4. Qc2 dxc4 5. Qxc4 Bf5 6. g3 e6 7. Bg2 Nbd7 8.
O-O Be7 9. Qb3 Qb6 10. Nbd2 Qxb3 11. axb3 a6 12. Nc4 Be4 13. Bf4 Bd5 14. Nfd2
Bxg2 15. Kxg2 O-O 16. Na5 Ra7 17. Ndc4 Nd5 18. Bd6 Bxd6 19. Nxd6 Rb8 20. e4 Nc7
21. Rfd1 Kf8 22. Rac1 Ke7 23. Ndc4 Rd8 24. Ne3 Nb8 25. f4 Nb5 26. d5 cxd5 27.
exd5 b6 28. Nac4 Rb7 29. f5 exf5 30. Nxf5+ Kf8 31. Ne5 g6 32. Ne3 Nd7 33. Nc6
Re8 34. Kf3 Nd6 35. Nc4 Nc8 36. b4 Rc7 37. Ra1 b5 38. Ne3 Ndb6 39. Rxa6 Kg7 40.
g4 h6 41. b3 Rd7 42. Rd3 Rc7 43. Kf2 Rd7 44. h3 Re4 45. Kf3 Re8 46. Rd4 Rd6 47.
Re4 Rf6+ 48. Nf5+ Kf8 49. Ncd4 gxf5 50. gxf5 Rd8 51. Re5 Kg7 52. Ra1 Rxd5 53.
Rg1+ Kf8 54. Rxd5 Nxd5 55. Rc1 Nd6 56. Kg4 Ne3+ 57. Kf4 Nexf5 58. Ke5 Kg7 59.
Rf1 h5 60. Rf2 h4 61. Nxf5+ Nxf5 62. Rxf5 Rg6 63. Kf4 f6 64. Rxb5 Rg3 65. Rb8
Rxh3 66. Kg4 Rh1 67. b5 Rb1 68. Kxh4 Rxb3 69. Kg4 Kg6 70. Rg8+ Kf7 71. Rb8 Kg6
72. Rg8+ Kf7 73. Rb8 Kg6 1/2-1/2

[Event "43. Olimpiada Batumi 2018 Femenina"]
[Site "Batumi GEO"]
[Date "2018.10.03"]
[Round "9.3"]
[White "Munkhzul, Turmunkh"]
[Black "Batsiashvili, Nino"]
[Result "1/2-1/2"]
[WhiteElo "2149"]
[BlackElo "2482"]
[PlyCount "106"]
[EventDate "2018.09.24"]
[EventType "team-swiss"]
[EventRounds "11"]
[EventCountry "GEO"]
[SourceTitle "Ajedrez en Madrid"]
[Source "lmi"]
[SourceDate "2018.09.24"]
[WhiteTeam "Mongolia"]
[BlackTeam "Georgia 1"]
[WhiteTeamCountry "MGL"]

1. e4 e5 2. Nf3 Nc6 3. Bb5 a6 4. Ba4 Nf6 5. O-O b5 6. Bb3 Be7 7. Re1 O-O 8. a4
b4 9. d4 d6 10. dxe5 Nxe5 11. Nbd2 Nxf3+ 12. Nxf3 Bb7 13. Qd3 Nd7 14. Be3 Bf6
15. Bd4 Qe7 16. Rad1 Rad8 17. Bd5 c6 18. Bc4 Nc5 19. Bxc5 dxc5 20. Qb3 Rxd1 21.
Rxd1 Qxe4 22. Re1 Qg6 23. Ne5 Bxe5 24. Rxe5 Bc8 25. Rxc5 Qd6 26. Qxb4 Bf5 27.
Qc3 Be4 28. Rg5 g6 29. h3 Qd1+ 30. Kh2 Bxc2 31. a5 Re8 32. Qf6 Qd7 33. Re5 Rxe5
34. Qxe5 Qb7 35. f4 Ba4 36. f5 gxf5 37. Qg3+ Kh8 38. Qa3 Qb8+ 39. Kh1 Bb5 40.
Bxf7 Kg7 41. Be6 Kf6 42. Ba2 Qe5 43. Qf8+ Kg5 44. Qd8+ Kh6 45. Qf8+ Kg5 46.
Qd8+ Kh6 47. Qh4+ Kg6 48. Bb1 c5 49. Qg4+ Kf6 50. Qh4+ Kg6 51. Qg4+ Kf6 52.
Qh4+ Kg6 53. Qg4+ Kf6 1/2-1/2

[Event "43. Olimpiada Batumi 2018 Femenina"]
[Site "Batumi GEO"]
[Date "2018.10.03"]
[Round "9.4"]
[White "Khotenashvili, Bela"]
[Black "Batchimeg, Tuvshintugs"]
[Result "1-0"]
[WhiteElo "2469"]
[BlackElo "2367"]
[PlyCount "95"]
[EventDate "2018.09.24"]
[EventType "team-swiss"]
[EventRounds "11"]
[EventCountry "GEO"]
[SourceTitle "Ajedrez en Madrid"]
[Source "lmi"]
[SourceDate "2018.09.24"]
[WhiteTeam "Georgia 1"]
[BlackTeam "Mongolia"]
[BlackTeamCountry "MGL"]

1. d4 e6 2. c4 f5 3. Nc3 Nf6 4. e3 d5 5. Bd3 c6 6. Nge2 Bd6 7. f3 O-O 8. Qc2
Na6 9. a3 Nc7 10. c5 Be7 11. O-O b6 12. b4 Ba6 13. Bxa6 Nxa6 14. Nf4 Qc8 15.
Nd3 Nd7 16. Bb2 Nc7 17. cxb6 axb6 18. Ne2 Nb5 19. Rfc1 Na7 20. a4 Bd6 21. a5
bxa5 22. bxa5 Qa6 23. Ba3 Bxa3 24. Rxa3 Rfc8 25. Nef4 Kf7 26. e4 Nb5 27. Ra4
Nxd4 28. Rxd4 Qa7 29. Ne2 c5 30. Ra4 c4+ 31. Nf2 Nc5 32. exd5 Nxa4 33. dxe6+
Kxe6 34. Qxa4 Qxa5 35. Nd4+ Kf6 36. Qd7 g6 37. Qxh7 Qe5 38. Qd7 Rc7 39. f4 Qxf4
40. Qe6+ Kg7 41. Ne2 Qd2 42. Qe5+ Kh6 43. Qxc7 Qxe2 44. Qf4+ Kg7 45. Qc7+ Kh6
46. h3 Ra2 47. Qf4+ Kh5 48. g4+ 1-0

[Event "43. Olimpiada Batumi 2018 Femenina"]
[Site "Batumi GEO"]
[Date "2018.10.03"]
[Round "9.1"]
[White "Melia, Salome"]
[Black "Rapport, Jovana"]
[Result "1/2-1/2"]
[WhiteElo "2391"]
[BlackElo "2348"]
[PlyCount "129"]
[EventDate "2018.09.24"]
[EventType "team-swiss"]
[EventRounds "11"]
[EventCountry "GEO"]
[SourceTitle "Ajedrez en Madrid"]
[Source "lmi"]
[SourceDate "2018.09.24"]
[WhiteTeam "Georgia 2"]
[BlackTeam "Serbia"]
[BlackTeamCountry "SRB"]

1. e4 c6 2. d4 d5 3. Nc3 dxe4 4. Nxe4 Nf6 5. Nxf6+ exf6 6. Bc4 Qe7+ 7. Qe2 Be6
8. Bb3 Na6 9. c3 Bxb3 10. Qxe7+ Bxe7 11. axb3 Bd6 12. Nf3 O-O 13. O-O Rad8 14.
Be3 Bb8 15. Rfe1 Rd7 16. Nd2 Nc7 17. Bf4 a6 18. Bxc7 Bxc7 19. b4 Rc8 20. Nb3
Bb6 21. Re3 Kf8 22. Rae1 h5 23. Kf1 g6 24. Ke2 Rb8 25. Kd3 Rc8 26. h3 f5 27.
R3e2 Ba7 28. Nc5 Rdc7 29. Kc2 Rd8 30. Nd3 Bb8 31. Ne5 Rcc8 32. Nc4 Rc7 33. Rd1
Rcd7 34. Nb6 Re7 35. Rde1 Rxe2+ 36. Rxe2 Bc7 37. Na4 b6 38. b3 Ra8 39. c4 Re8
40. Rxe8+ Kxe8 41. Nc3 Kd7 42. Kd3 Bd8 43. d5 Bf6 44. dxc6+ Kxc6 45. b5+ axb5
46. Nxb5 Bh4 47. f3 Kc5 48. Nc3 Be1 49. Nd5 b5 50. Nc7 bxc4+ 51. bxc4 Bg3 52.
Nd5 Be5 53. Nc3 Kb4 54. Ne2 Kc5 55. f4 Bb8 56. h4 Bc7 57. g3 Ba5 58. Nc3 Kc6
59. Ne2 Be1 60. Kd4 f6 61. Ke3 Kd6 62. Kd4 Bf2+ 63. Kd3 Kc6 64. Kd2 Kc5 65. Kc3
1/2-1/2

[Event "43. Olimpiada Batumi 2018 Femenina"]
[Site "Batumi GEO"]
[Date "2018.10.03"]
[Round "9.2"]
[White "Eric, Jovana"]
[Black "Charkhalashvili, Inga"]
[Result "1/2-1/2"]
[WhiteElo "2261"]
[BlackElo "2317"]
[PlyCount "56"]
[EventDate "2018.09.24"]
[EventType "team-swiss"]
[EventRounds "11"]
[EventCountry "GEO"]
[SourceTitle "Ajedrez en Madrid"]
[Source "lmi"]
[SourceDate "2018.09.24"]
[WhiteTeam "Serbia"]
[BlackTeam "Georgia 2"]
[WhiteTeamCountry "SRB"]

1. e4 c6 2. d4 d5 3. e5 Bf5 4. Be3 e6 5. Nd2 Nd7 6. c3 c5 7. Ngf3 cxd4 8. Nxd4
Bg6 9. f4 Bc5 10. N2b3 Bxd4 11. Nxd4 Ne7 12. Bd3 a6 13. O-O O-O 14. Qe2 Bxd3
15. Qxd3 Nc5 16. Qe2 Qc7 17. Rf3 Ng6 18. Rh3 Rfe8 19. Qh5 Nf8 20. Rf1 Ne4 21.
f5 Qxe5 22. Qh4 exf5 23. Nxf5 f6 24. Qg4 Qc7 25. Bf4 Qb6+ 26. Be3 Qc7 27. Bf4
Qb6+ 28. Be3 Qc7 1/2-1/2

[Event "43. Olimpiada Batumi 2018 Femenina"]
[Site "Batumi GEO"]
[Date "2018.10.03"]
[Round "9.3"]
[White "Khukhashvili, Sopiko"]
[Black "Velikic, Adela"]
[Result "1-0"]
[WhiteElo "2301"]
[BlackElo "2339"]
[PlyCount "95"]
[EventDate "2018.09.24"]
[EventType "team-swiss"]
[EventRounds "11"]
[EventCountry "GEO"]
[SourceTitle "Ajedrez en Madrid"]
[Source "lmi"]
[SourceDate "2018.09.24"]
[WhiteTeam "Georgia 2"]
[BlackTeam "Serbia"]
[BlackTeamCountry "SRB"]

1. e4 c5 2. Nf3 d6 3. d4 cxd4 4. Qxd4 Nc6 5. Bb5 Bd7 6. Bxc6 Bxc6 7. c4 Nf6 8.
Nc3 g6 9. O-O Bg7 10. Qd3 O-O 11. Nd4 Rc8 12. b3 Re8 13. Bb2 Qa5 14. Rfe1 Ng4
15. Nxc6 bxc6 16. h3 Ne5 17. Qe2 Rb8 18. Na4 Nd7 19. Bxg7 Kxg7 20. Qe3 f6 21.
Red1 Nb6 22. Nb2 Qa3 23. Nd3 c5 24. Rdb1 Qa5 25. Nf4 Kf7 26. h4 Qa6 27. Ne2 Qc8
28. Qh6 Rh8 29. Qf4 Qe6 30. Nc3 a6 31. Re1 Qe5 32. Qf3 Qh5 33. Qg3 g5 34. e5
gxh4 35. e6+ Kf8 36. Qh3 Rg8 37. Re4 Qg6 38. Rxh4 Rg7 39. Re1 Ke8 40. Re3 Qc2
41. Qf3 d5 42. Nxd5 Nxd5 43. cxd5 Rd8 44. Qh5+ Kf8 45. Rg3 Qc1+ 46. Kh2 h6 47.
Rxg7 Kxg7 48. Rg4+ 1-0

[Event "43. Olimpiada Batumi 2018 Femenina"]
[Site "Batumi GEO"]
[Date "2018.10.03"]
[Round "9.4"]
[White "Injac, Teodora"]
[Black "Mikadze, Miranda"]
[Result "1-0"]
[WhiteElo "2241"]
[BlackElo "2255"]
[PlyCount "117"]
[EventDate "2018.09.24"]
[EventType "team-swiss"]
[EventRounds "11"]
[EventCountry "GEO"]
[SourceTitle "Ajedrez en Madrid"]
[Source "lmi"]
[SourceDate "2018.09.24"]
[WhiteTeam "Serbia"]
[BlackTeam "Georgia 2"]
[WhiteTeamCountry "SRB"]

1. d4 d5 2. c4 c6 3. Nf3 Nf6 4. Nbd2 a6 5. Qc2 Bg4 6. Ne5 e6 7. Nxg4 Nxg4 8. e3
f5 9. h3 Nf6 10. Bd3 Nbd7 11. a3 Bd6 12. b4 Qe7 13. Bb2 Ne4 14. Nb3 O-O 15. c5
Bc7 16. O-O-O a5 17. bxa5 Bxa5 18. g4 Bc7 19. Kb1 Qh4 20. Rdf1 g6 21. Rhg1 Qe7
22. f3 Ng3 23. Rf2 Rf7 24. Bc1 Raf8 25. Rfg2 fxg4 26. f4 Ne4 27. hxg4 b6 28.
Bxe4 dxe4 29. Qxe4 bxc5 30. Qxc6 Rb8 31. Qxc7 Rxb3+ 32. Ka2 Rd3 33. Qc8+ Rf8
34. Qa6 Rc3 35. Bd2 Nb8 36. Qa4 cxd4 37. Bxc3 dxc3 38. Rb1 Qc5 39. Qd4 Qxd4 40.
exd4 Nc6 41. Rc2 Nxd4 42. Rxc3 Rxf4 43. g5 Rf8 44. Rc7 Nf3 45. a4 Nxg5 46. a5
Ra8 47. Rb5 Nf7 48. Rc6 h5 49. Rxe6 Kg7 50. a6 h4 51. Rb7 h3 52. a7 h2 53. Re1
Re8 54. Rxe8 h1=Q 55. a8=Q Qd5+ 56. Rb3 Qd2+ 57. Rb2 Qd7 58. Rg8+ Kf6 59. Qf3+
1-0

[Event "43. Olimpiada Batumi 2018 Femenina"]
[Site "Batumi GEO"]
[Date "2018.10.03"]
[Round "9.1"]
[White "Zimina, Olga"]
[Black "Koneru, Humpy"]
[Result "1/2-1/2"]
[WhiteElo "2421"]
[BlackElo "2557"]
[PlyCount "66"]
[EventDate "2018.09.24"]
[EventType "team-swiss"]
[EventRounds "11"]
[EventCountry "GEO"]
[SourceTitle "Ajedrez en Madrid"]
[Source "lmi"]
[SourceDate "2018.09.24"]
[WhiteTeam "Italy"]
[BlackTeam "India"]
[WhiteTeamCountry "ITA"]
[BlackTeamCountry "IND"]

1. Nf3 Nf6 2. c4 e6 3. g3 d5 4. Bg2 d4 5. O-O c5 6. d3 Nc6 7. Na3 Be7 8. e3 O-O
9. exd4 cxd4 10. Re1 Bd6 11. Nc2 a5 12. a3 e5 13. Rb1 a4 14. Nb4 Re8 15. Bg5
Nxb4 16. axb4 Bxb4 17. Rxe5 Rxe5 18. Nxe5 h6 19. Bxf6 Qxf6 20. f4 Bd6 21. Qe2
Bxe5 22. fxe5 Qb6 23. Rf1 Be6 24. Bd5 Re8 25. Qf3 Re7 26. Rf2 Rd7 27. Qe4 Re7
28. Qf3 Qc7 29. Re2 Rd7 30. Qe4 Qb6 31. Rf2 Re7 32. Kg2 Rd7 33. Kg1 Re7 1/2-1/2

[Event "43. Olimpiada Batumi 2018 Femenina"]
[Site "Batumi GEO"]
[Date "2018.10.03"]
[Round "9.2"]
[White "Harika, Dronavalli"]
[Black "Sedina, Elena"]
[Result "1-0"]
[WhiteElo "2500"]
[BlackElo "2267"]
[PlyCount "79"]
[EventDate "2018.09.24"]
[EventType "team-swiss"]
[EventRounds "11"]
[EventCountry "GEO"]
[SourceTitle "Ajedrez en Madrid"]
[Source "lmi"]
[SourceDate "2018.09.24"]
[WhiteTeam "India"]
[BlackTeam "Italy"]
[WhiteTeamCountry "IND"]
[BlackTeamCountry "ITA"]

1. Nf3 d5 2. d4 Nf6 3. c4 c6 4. Nc3 dxc4 5. a4 Bf5 6. Ne5 Nbd7 7. Nxc4 Nb6 8.
Ne5 a5 9. h4 h6 10. f3 e6 11. e4 Bh7 12. Be3 Nfd7 13. Nd3 Bb4 14. Nxb4 axb4 15.
Ne2 Nc4 16. Bc1 e5 17. b3 Na5 18. Be3 O-O 19. g4 exd4 20. Nxd4 Ne5 21. Be2 c5
22. Nf5 Bxf5 23. gxf5 Qxd1+ 24. Bxd1 f6 25. Rg1 Kh8 26. f4 Nd3+ 27. Ke2 Nb2 28.
Bxc5 Rfe8 29. Kf3 Nxd1 30. Raxd1 Nxb3 31. Be3 Red8 32. e5 fxe5 33. fxe5 Re8 34.
f6 Rxe5 35. fxg7+ Kh7 36. Rd6 Rf5+ 37. Ke2 Rh5 38. Rg4 Re8 39. Kd1 Rhe5 40.
g8=Q+ 1-0

[Event "43. Olimpiada Batumi 2018 Femenina"]
[Site "Batumi GEO"]
[Date "2018.10.03"]
[Round "9.3"]
[White "Brunello, Marina"]
[Black "Tania, Sachdev"]
[Result "1-0"]
[WhiteElo "2294"]
[BlackElo "2400"]
[PlyCount "97"]
[EventDate "2018.09.24"]
[EventType "team-swiss"]
[EventRounds "11"]
[EventCountry "GEO"]
[SourceTitle "Ajedrez en Madrid"]
[Source "lmi"]
[SourceDate "2018.09.24"]
[WhiteTeam "Italy"]
[BlackTeam "India"]
[WhiteTeamCountry "ITA"]
[BlackTeamCountry "IND"]

1. e4 e5 2. Nf3 Nc6 3. Bc4 Bc5 4. O-O Nf6 5. d3 O-O 6. a4 a5 7. Bg5 Be7 8. h3
h6 9. Bh4 d6 10. Bg3 Be6 11. Na3 Nd7 12. c3 Nb6 13. Bxe6 fxe6 14. Qb3 Qd7 15.
Nb5 Rae8 16. Rac1 Bd8 17. Rfd1 Kh7 18. c4 Nc8 19. c5 Bf6 20. cxd6 cxd6 21. d4
exd4 22. Nfxd4 Nxd4 23. Nxd4 Qf7 24. Nb5 Be5 25. Rc7 Re7 26. Rdc1 Rxc7 27. Rxc7
Qg6 28. Bxe5 dxe5 29. Qe3 Rd8 30. Rxb7 Qh5 31. Qg3 Rg8 32. Kh2 Qe2 33. Qxe5
Qxf2 34. Nd4 Qf8 35. Nxe6 Qd6 36. Qxd6 Nxd6 37. Ra7 Nxe4 38. Rxa5 Re8 39. Re5
Nd6 40. b4 Kg8 41. Re2 Kf7 42. Nf4 Rxe2 43. Nxe2 Ke6 44. Nc3 Ke5 45. a5 Kd4 46.
a6 Nc8 47. Nb5+ Kd5 48. a7 Nb6 49. Nc7+ 1-0